| 000 -CABECERA |
| Longitud fija campo de control |
00818nam a2200229 a 4500 |
| 001 - NÚMERO DE CONTROL |
| Número de control |
3140 |
| 003 - IDENTIFICADOR DEL NÚMERO DE CONTROL |
| Identificador del número de control |
CDMR |
| 005 - FECHA Y HORA DE LA ÚLTIMA TRANSACCIÓN |
| Fecha y hora de la última transacción |
20151022114202.0 |
| 008 - CÓDIGOS DE INFORMACIÓN DE LONGITUD FIJA |
| Códigos de información de longitud fija |
130130s1981||||||||||||||||||||||||||||d |
| 020 ## - NÚMERO INTERNACIONAL NORMALIZADO PARA LIBROS |
| Número Internacional Normalizado para Libros (ISBN) |
9233017869 |
| 040 ## - FUENTE DE LA CATALOGACIÓN |
| Centro catalogador de origen |
CDMR |
| Lengua de catalogación |
cat |
| Centro transcriptor |
CDMR |
| 100 1# - PUNTO DE ACCESO PRINCIPAL-NOMBRE DE PERSONA |
| Nombre de persona |
Hancock, Alan |
| 9 (RLIN) |
2292 |
| 245 10 - MENCIÓN DE TÍTULO |
| Título |
Planificación de la comunicación para el desarrollo |
| Resto del título |
: [marco operativo de referencia] |
| Mención de responsabilidad, etc. |
Alan Hancock ; traducción, Simón Espinosa |
| 260 ## - PUBLICACIÓN, DISTRIBUCIÓN, ETC. (PIE DE IMPRENTA) |
| Lugar de publicación, distribución, etc. |
Quito |
| Fecha de publicación, distribución, etc. |
1981 |
| Nombre del editor, distribuidor, etc. |
Andina |
| 300 ## - DESCRIPCIÓN FÍSICA |
| Extensión |
222 p. |
| 650 04 - PUNTO DE ACCESO ADICIONAL DE MATERIA - TÉRMINO DE MATERIA |
| 9 (RLIN) |
4427 |
| Término de materia o nombre geográfico como elemento inicial |
Mitjans de comunicació de massa en el desenvolupament comunitari |
| 650 04 - PUNTO DE ACCESO ADICIONAL DE MATERIA - TÉRMINO DE MATERIA |
| 9 (RLIN) |
4364 |
| Término de materia o nombre geográfico como elemento inicial |
Política de la comunicació |
| 650 04 - PUNTO DE ACCESO ADICIONAL DE MATERIA - TÉRMINO DE MATERIA |
| 9 (RLIN) |
4329 |
| Término de materia o nombre geográfico como elemento inicial |
Planificació estratègica |
| 710 2# - PUNTO DE ACCESO ADICIONAL - NOMBRE DE ENTIDAD |
| 9 (RLIN) |
307 |
| Nombre de entidad o nombre de jurisdicción como elemento inicial |
Centro Internacional de Estudios Superiores de Comunicación para América Latina |
| 710 2# - PUNTO DE ACCESO ADICIONAL - NOMBRE DE ENTIDAD |
| 9 (RLIN) |
1452 |
| Nombre de entidad o nombre de jurisdicción como elemento inicial |
Unesco |
| 942 ## - ENTRADA DE ELEMENTOS AGREGADOS (KOHA) |
| Koha [por defecto] tipo de item |
Monografies |
| Fuente de clasificaión o esquema |
|